Les suffixes en Esperanto - Statistiques

Statistiques générales
  • Ce quiz a été pris 3 fois
  • Le résultat moyen est 3 sur 31
Statistiques - réponses
SIGNIFICATION SUFFIXE % Correct
de sexe féminin in
100%
déficient, indigne acx
33%
membre d'un groupe an
33%
action d'effet ou de cause ig
33%
professionnel, amateur ist
33%
diviseur on
33%
action qui dure ad
0%
chose concrète ajx
0%
groupe de choses du même type ar
0%
surnom masculin cxj
0%
qui peut être fait, possible ebl
0%
qualité ou état ec
0%
grand, à haut niveau eg
0%
endroit, espace, lieu ej
0%
tendance à em
0%
qui doit être fait end
0%
élément d'un ensemble er
0%
personne qui dirige, qui décide estr
0%
petit, à bas niveau et
0%
petit, progéniture id
0%
changement d'état, d'endroit, d'action igx
0%
outil, moyen, instrument il
0%
qui mérite d'être fait ind
0%
étui, récipient ing
0%
doctrine, système, mouvement ism
0%
surnom féminin nj
0%
multiplicateur obl
0%
groupe d'un certain nombre op
0%
destiné à contenir une chose uj
0%
personne avec un certaine caractéristique ul
0%
pas de sense particulier, ce trouve dans le lexique um
0%
Aucun quiz correspondant
Distribution des résultats
% des personnes avec chaque résultat
Percentile par nombre de réponses
Votre historique - résultats
Vous n’avez pas pris ce quiz